00578nam a22001577a 4500003000400000082001900004100001900023245015300042260004700195300000700242650001600249653001500265942001200280952011100292999001700403SGT a617.6342bC24G aGhosh, Arijit  aCBCT and radiographic evaluation of periapical healing of teeth obturated with AH plus and bioceramic sealerbA randomized controlled clinical trial aSGT UniversitybFaculty of Cons. Dentistry a95 aEndodontics aBioceramic 2ddccTH 00102ddc4071aFDbFDcREFd2024-10-04iSGTUo617.6342 C24GpDT2109r2024-10-04 00:00:00w2024-10-04yTH c27111d27111